1999年時点の快速アイリスの停車駅 - Statistics

General Stats
  • This quiz has been taken 40 times
  • The average score is 13 of 19
Answer Stats
Answer % Correct
100%
函館
97%
五稜郭
97%
長万部
97%
七飯
93%
大沼
93%
八雲
93%
大沼公園
90%
桔梗
72%
駒ヶ岳
72%
大中山
62%
国縫
62%
赤井川
55%
落部
48%
姫川
41%
中ノ沢
41%
山崎
38%
黒岩
28%
東山
14%
No matching quizzes found
Score Distribution
Percent of People with Each Score
Percentile by Number Answered
Your Score History
You have not taken this quiz